00695nam a2200217Ia 4500008004100000020001700041040001400058082002400072100002200096245004400118260004100162300001700203365002600220366000800246505002200254530003000276620006800306630004400374650001500418730004400433100315s9999 xx 000 0 und d a0333270762  cENGLISH  b10120 a338.5442  a"Twiss, Brian C " aSocial Forecasting for Company Planning aLondon bMacmillan Press  c1982  a"xxv,310  " eRupees d1 b0.00  f0  gVaibhav Gaikwad  bDonated By RBI Library   a"Social Forecasting for Company Planning, Economic, RBI Book " aSocial Forecasting for Company Planning aECONOMIC  aSocial Forecasting for Company Planning